[Event "Let's Play Chess!"]
[Site "http://www.queenalice.com/game.php?id=1462610"]
[Date "2017.2.3"]
[Round "-"]
[White "flaviocar"]
[Black "Delbo"]
[Result "0-1"]
[WhiteElo "1100"]
[BlackElo "1985"]

1. d4 g6 2. e3 Nf6 3. Nc3 Bg7 4. Nh3 O-O 5. Bc4 d5 6. Bb3 Nc6 7. Nf4 e6 8. Ba4
Bd7 9. b3 a6 10. Ba3 Re8 11. O-O b5 12. Bxb5 axb5 13. Nxb5 Nb8 14. Qd3 Bxb5 15.
Qxb5 Rxa3 16. f3 Qd7 17. Qc5 Bf8 18. Qc3 Nc6 19. Qb2 Rea8 20. Nd3 Qc8 21. Qc3
Nd8 22. Ne5 Bd6 23. Nc6 Nxc6 24. Qxc6 Rxa2 25. Rxa2 Rxa2 26. c4 dxc4 27. Qxc4
Qa6 28. Qc1 Qe2 29. Rf2 Qxf2+ 30. Kh1 Qxg2# 0-1

[Event "Challenge"]
[Site "http://www.queenalice.com/game.php?id=1462641"]
[Date "2017.2.4"]
[Round "-"]
[White "Petruzza"]
[Black "flaviocar"]
[Result "1-0"]
[WhiteElo "1909"]
[BlackElo "1089"]

1. e4 Nc6 2. Bc4 a6 3. Qh5 g6 4. Qf3 Nf6 5. Nc3 Ne5 6. Qe2 Bh6 7. d4 Nc6 8. Bxh6
Nxd4 9. Qd3 c5 10. e5 Ng8 11. Bg5 f6 12. exf6 exf6 13. Bf4 Qe7+ 14. Nge2 b5 15.
Bd5 Ra7 16. O-O-O 1-0

[Event "Challenge"]
[Site "http://www.queenalice.com/game.php?id=1462718"]
[Date "2017.2.4"]
[Round "-"]
[White "edsonjob"]
[Black "flaviocar"]
[Result "1-0"]
[WhiteElo "1681"]
[BlackElo "1100"]

1. c4 g5 2. Nc3 Bg7 3. e4 b6 4. Nf3 Bb7 5. Nxg5 e6 6. d4 h6 7. Nf3 Nc6 8. Bf4
Qe7 9. Nb5 Kf8 10. Nxc7 Rc8 11. Rc1 e5 12. Nd5 Qe6 13. Qd3 exf4 14. Be2 Qg4 15.
g3 Re8 16. e5 Ba6 17. Ng1 Qe6 18. Nc7 1-0

[Event "Challenge"]
[Site "http://www.queenalice.com/game.php?id=1462719"]
[Date "2017.2.4"]
[Round "-"]
[White "brigador"]
[Black "flaviocar"]
[Result "1-0"]
[WhiteElo "2066"]
[BlackElo "1100"]

1. e4 g5 2. d4 Bg7 3. Bxg5 h6 4. Bh4 Nc6 5. c3 d6 6. Bc4 e5 7. Bxd8 Kxd8 8. Bxf7
exd4 9. Nf3 Nge7 10. cxd4 Rf8 11. Bh5 1-0

[Event "Challenge"]
[Site "http://www.queenalice.com/game.php?id=1462730"]
[Date "2017.2.4"]
[Round "-"]
[White "JoseMessias"]
[Black "flaviocar"]
[Result "1-0"]
[WhiteElo "1661"]
[BlackElo "1100"]

1. d4 Nf6 2. d5 b5 3. e3 g5 4. f3 Bg7 5. e4 c5 6. Bxb5 a6 7. Bc4 e6 8. e5 Nxd5
9. Bxd5 exd5 10. Qxd5 Ra7 11. Qxc5 Rc7 12. Qb6 Bxe5 13. Qxb8 Qe7 14. Ne2 Rxc2
15. O-O Bxb8 16. Nd4 Rc5 17. Bd2 Be5 18. Re1 Bxd4+ 19. Kh1 Be5 20. Bb4 d6 21.
Bxc5 dxc5 22. Na3 Qd6 23. Nc4 Qd5 24. Rxe5+ Qxe5 25. Nxe5 h5 26. Re1 Rh6 27.
Ng4+ Be6 28. Nxh6 Kf8 29. Re5 1-0

[Event "Challenge"]
[Site "http://www.queenalice.com/game.php?id=1462733"]
[Date "2017.2.4"]
[Round "-"]
[White "betofortaleza"]
[Black "flaviocar"]
[Result "1-0"]
[WhiteElo "1821"]
[BlackElo "1087"]

1. e4 g5 2. e5 Bg7 3. d4 Nc6 4. Nc3 e6 5. Bb5 Na5 6. Bd2 a6 7. Bd3 b5 8. Ne4 Nc4
9. Bxc4 bxc4 10. Bxg5 f6 11. exf6 Nxf6 12. Qf3 1-0

[Event "Challenge"]
[Site "http://www.queenalice.com/game.php?id=1462741"]
[Date "2017.2.4"]
[Round "-"]
[White "The_Clown"]
[Black "flaviocar"]
[Result "1-0"]
[WhiteElo "1714"]
[BlackElo "1066"]

1. d4 b5 2. e4 Bb7 3. d5 a6 4. c4 b4 5. b3 g6 6. Nf3 Bg7 7. e5 d6 8. Bf4 e6 9.
Be2 Nd7 10. O-O dxe5 11. Bxe5 1-0